The photobook : (Record no. 353345)
[ view plain ]
| 000 -LEADER | |
|---|---|
| fixed length control field | 01924 a2200301 4500 |
| 003 - CONTROL NUMBER IDENTIFIER | |
| control field | OSt |
| 005 - DATE AND TIME OF LATEST TRANSACTION | |
| control field | 20180116192402.0 |
| 008 - FIXED-LENGTH DATA ELEMENTS--GENERAL INFORMATION | |
| fixed length control field | 120703t xxu||||| |||| 00| 0 eng d |
| 010 ## - LIBRARY OF CONGRESS CONTROL NUMBER | |
| LC control number | 2007270031 |
| 020 ## - INTERNATIONAL STANDARD BOOK NUMBER | |
| International Standard Book Number | 9780714842851 (v. 1) |
| 020 ## - INTERNATIONAL STANDARD BOOK NUMBER | |
| International Standard Book Number | 0714842850 (v. 1) |
| 020 ## - INTERNATIONAL STANDARD BOOK NUMBER | |
| International Standard Book Number | 9780714844336 (v. 2) |
| 020 ## - INTERNATIONAL STANDARD BOOK NUMBER | |
| International Standard Book Number | 0714844330 (v. 2) |
| 035 ## - SYSTEM CONTROL NUMBER | |
| System control number | (OCoLC)ocm56658197 |
| 040 ## - CATALOGING SOURCE | |
| Transcribing agency | 0 |
| 082 04 - DEWEY DECIMAL CLASSIFICATION NUMBER | |
| Classification number | 770.9 |
| 100 1# - MAIN ENTRY--PERSONAL NAME | |
| Personal name | Parr, Martin, |
| 9 (RLIN) | 5471 |
| 245 14 - TITLE STATEMENT | |
| Title | The photobook : |
| Remainder of title | a history / |
| Statement of responsibility, etc. | Martin Parr and Gerry Badger. |
| Number of part/section of a work | Vol.2 |
| 260 ## - PUBLICATION, DISTRIBUTION, ETC. | |
| Place of publication, distribution, etc. | London : |
| Name of publisher, distributor, etc. | Phaidon, |
| Date of publication, distribution, etc. | 2006 |
| 300 ## - PHYSICAL DESCRIPTION | |
| Extent | Vol.2 : |
| Other physical details | ill. (some col.) ; |
| Dimensions | 30 cm. |
| 505 0# - FORMATTED CONTENTS NOTE | |
| Formatted contents note | v. 1. Topography and travel: the first photobooks ; Facing facts: the nineteenth-century photobook as record ; Photography as art: the pictorial photobook ; Photo eye: the modernist photobook ; A day in the life: the documentary photobook in the 1930s ; Medium and message: the photobook as propaganda ; Memory and reconstruction: the postwar European photobook ; The indecisive moment: the 'stream-of-consciousness' photobook ; Provocative materials for thought: the postwar Japanese photobook -- v. 2. Mirrors and windows : the American photobook since the 1970s ; Common market : the European photobook since the 1980s ; Other territories : the worldwide photobook ; Appropriating photography : the artist's photobook ; Point of sale : the company photobook ; Looking at photographs : the picture editor as author ; The camera as witness : the 'concerned' photobook since World War II ; The Düsseldorf tendency : the new objective photobook ; Home and away : modern life and the photobook. |
| 650 10 - SUBJECT ADDED ENTRY--TOPICAL TERM | |
| Topical term or geographic name entry element | Artists' books |
| General subdivision | History. |
| 9 (RLIN) | 5472 |
| 650 10 - SUBJECT ADDED ENTRY--TOPICAL TERM | |
| Topical term or geographic name entry element | Photography, Artistic |
| General subdivision | History. |
| 9 (RLIN) | 5473 |
| 650 10 - SUBJECT ADDED ENTRY--TOPICAL TERM | |
| Topical term or geographic name entry element | Photography |
| General subdivision | History. |
| 9 (RLIN) | 5474 |
| 700 1# - ADDED ENTRY--PERSONAL NAME | |
| Personal name | Badger, Gerry. |
| 9 (RLIN) | 5475 |
| 942 ## - ADDED ENTRY ELEMENTS (KOHA) | |
| Institution code [OBSOLETE] | SADA |
| Koha item type | Reference |
| Call number prefix | REF 770.9 PAR 2006 |
| Source of classification or shelving scheme | |
| 952 ## - LOCATION AND ITEM INFORMATION (KOHA) | |
| -- | REF |
| Withdrawn status | Lost status | Source of classification or shelving scheme | Damaged status | Not for loan | Permanent Location | Current Location | Date acquired | Total Checkouts | Full call number | Barcode | Date last seen | Cost, replacement price | Price effective from | Koha item type |
|---|---|---|---|---|---|---|---|---|---|---|---|---|---|---|
| School of Art Design and Architecture (SADA) | School of Art Design and Architecture (SADA) | 06/30/2011 | REF 770.9 PAR 2006 | SADA0001524 | 08/05/2011 | 4805.00 | 08/05/2011 | Reference |
